000 003020000a22001330004500
041 0 _aSPA
082 0 4 _aAV 0375
110 1 _aEl Colombiano
245 1 0 _aRevista Resumen 2007 / El Colombiano
300 _a57 Pág.
505 0 0 _aAsí somos: Radiografía del paisa de hoy
001 14480
942 _cBK
999 _c43341
_d43341